Re-imagining a Feminist Criminology
Women are the fastest-growing prisoner population in Canada. This can be attributed, in part, to the neo-liberal criminalization of poverty through its war on drugs, creation of welfare fraud, and cutbacks to social services, all of which have directly and uniquely affected women. But what of femini...
| 1. VerfasserIn: | |
|---|---|
| Medienart: | Druck Aufsatz |
| Sprache: | Englisch |
| Veröffentlicht: |
2006
|
| In: |
Canadian journal of criminology and criminal justice
Jahr: 2006, Band: 48, Heft: 5, Seiten: 735-752 |
| Verfügbarkeit prüfen: | HBZ Gateway |
| Schlagwörter: |
MARC
| LEADER | 00000caa a22000002c 4500 | ||
|---|---|---|---|
| 001 | 1639319506 | ||
| 003 | DE-627 | ||
| 005 | 20230426102313.0 | ||
| 007 | tu | ||
| 008 | 160223s2006 xx ||||| 00| ||eng c | ||
| 035 | |a (DE-627)1639319506 | ||
| 035 | |a (DE-576)455835055 | ||
| 035 | |a (DE-599)BSZ455835055 | ||
| 040 | |a DE-627 |b ger |c DE-627 |e rakwb | ||
| 041 | |a eng | ||
| 100 | 1 | |a Balfour, Gillian |4 aut | |
| 245 | 1 | 0 | |a Re-imagining a Feminist Criminology |c Gillian Balfour |
| 264 | 1 | |c 2006 | |
| 336 | |a Text |b txt |2 rdacontent | ||
| 337 | |a ohne Hilfsmittel zu benutzen |b n |2 rdamedia | ||
| 338 | |a Band |b nc |2 rdacarrier | ||
| 520 | |a Women are the fastest-growing prisoner population in Canada. This can be attributed, in part, to the neo-liberal criminalization of poverty through its war on drugs, creation of welfare fraud, and cutbacks to social services, all of which have directly and uniquely affected women. But what of feminist criminology amidst this incarceration spiral? In this article I examine the drift of critical feminist criminology toward a Foucauldian construction of power that, in decentring the state, has theorized women's docile bodies as governed at a distance through various technologies and rationalities of discipline and risk. I argue that it is time to re-imagine a feminist criminology that questions this shift and asks, in theoretical and political terms, 'What is to be done?' (English) [ABSTRACT FROM AUTHOR] | ||
| 773 | 0 | 8 | |i In |t Canadian journal of criminology and criminal justice |d Ottawa, Ont. : Assoc., 2003 |g 48(2006), 5, Seite 735-752 |w (DE-627)364113855 |w (DE-600)2110799-3 |w (DE-576)105431184 |x 1707-7753 |7 nnas |
| 773 | 1 | 8 | |g volume:48 |g year:2006 |g number:5 |g pages:735-752 |
| 935 | |a mkri | ||
| 951 | |a AR | ||
| ELC | |b 1 | ||
| LOK | |0 000 xxxxxcx a22 zn 4500 | ||
| LOK | |0 001 3299794574 | ||
| LOK | |0 003 DE-627 | ||
| LOK | |0 004 1639319506 | ||
| LOK | |0 005 20160223095210 | ||
| LOK | |0 008 160208||||||||||||||||ger||||||| | ||
| LOK | |0 040 |a DE-21-110 |c DE-627 |d DE-21-110 | ||
| LOK | |0 689 |a s |a Feministische Kriminologie | ||
| LOK | |0 689 |a s |a Neoliberalismus | ||
| LOK | |0 689 |a s |a Diskriminierung | ||
| LOK | |0 689 |a s |a Geschlecht | ||
| LOK | |0 689 |a s |a Strafjustiz | ||
| LOK | |0 852 |z Kein Bestand am IfK; Nachweis für KrimDok | ||
| LOK | |0 852 |a DE-21-110 | ||
| LOK | |0 852 1 |m v |9 00 | ||
| LOK | |0 935 |a k110 | ||
| LOK | |0 938 |k v | ||
| LOK | |0 939 |a 08-02-16 |b l01 | ||
| ORI | |a SA-MARC-krimdoka001.raw | ||
